| 000 | 00892nam a2200253 a 4500 | ||
|---|---|---|---|
| 001 | BRL_1809 | ||
| 005 | 20190320211358.0 | ||
| 008 | 040815s1973----mx-#######---#000-0#spa-# | ||
| 041 | _aspa | ||
| 044 | _amx | ||
| 050 | 4 |
_aHN110.5.A8 _b.A38 1973 |
|
| 100 | 1 |
_aAguirre Beltrán, Gonzalo _925806 |
|
| 245 | 1 | 0 |
_aRegiones de refugio _bEl desarrollo de la comunidad y el proceso dominical en mestizoamérica _cGonzalo Aguirre Beltrán. |
| 260 |
_aMéxico _bInstituto Nacional Indigenista, SEP _c1973 |
||
| 300 |
_axviii, 366 p. _c22 cm. |
||
| 440 | 0 |
_aColección SEP-INI _pSerie Antropología Social _vno.17 _927927 |
|
| 500 | _aAu2061 | ||
| 504 | _aBibliografía: p. 326-348 | ||
| 650 | 1 | 4 |
_aDesarrollo de la comunidad _zMéxico _927928 |
| 651 | 4 |
_aAmérica Latína _xCondiciones sociales _927929 |
|
| 651 | 4 |
_aAmérica Latína _xCondiciones rurales _927930 |
|
| 902 | _aGRL | ||
| 942 |
_2lcc _cB |
||
| 999 |
_c10617 _d10617 |
||